000 00292nam a2200109Ia 4500
008 171211s9999 xx 000 0 und d
245 4 _aThe Art of Business Seduction
245 _cMark Jeffries
260 _c2010
650 _xBUSINESS
856 _uhttp://down.ebook777.com/062/047059618X.pdf
999 _c349501
_d349501